Robot Wars Series 2 Quiz Stats

 Plays Quiz not verified by Sporcle

Challenge
Share
Tweet
Embed
Score 0/72 Timer 05:00
0 Plays Today
Heat Robot % Correct
BChaos
94.8%
FPanic Attack
91.4%
BMace
90.5%
GRoadblock
88.8%
ANapalm
86.6%
CMortis
86.6%
EKillertron
86.2%
HCassius
86.2%
DRazer
84.1%
DBehemoth
80.6%
KPlunderbird 2
76.7%
IKing Buxton
74.6%
JG.B.H.
74.6%
DBodyhammer
74.1%
GNemesis
71.6%
ADemolition Demon
71.1%
DInquisitor
69.8%
GKillerhurtz
69.8%
KThe Mule
69.4%
IRobo Doc
68.1%
LHaardvark
68.1%
HLoco
67.7%
DElvis
66.8%
BWheelosaurus
63.8%
COblivion
63.8%
GOnslaught
63.8%
ACaliban
60.8%
APiece De Resistance
60.8%
EPain
59.1%
HGroundhog
58.6%
DMilly-Ann Bug
57.8%
JIvanhoe
57.8%
CGriffon
56.5%
EORAC
56%
FDisruptor
56%
ETechnophobic
54.7%
Heat Robot % Correct
FThe Parthian Shot
54.3%
BLeighviathan
52.6%
IAll Torque
52.2%
KDemon
52.2%
CDreadnaut
51.7%
CChallenger
51.3%
GR.O.C.S.
51.3%
BTantrum
50.9%
LHavoc
50.9%
APanda Monium
50%
HWizard
50%
ESpin Doctor
47.8%
ICruella
47.4%
GLimpet
47%
FWhirling Dervish
44.4%
FCorporal Punishment
44.4%
FRon
43.5%
BDeath Trak
41.4%
LFlirty Skirty
41.4%
JKill Dozer
40.9%
AVictor
40.5%
LAngel of Death
39.7%
HSting
39.2%
LVercingetorix
39.2%
CRameses 2
37.9%
ESchumey
34.1%
JTalos
33.6%
LTender Caress
33.6%
IPrometheus
33.2%
KEnzyme
31.5%
JBroot
28.4%
KMega Hurts
28.4%
KPhoenix
28%
HRampage
26.3%
JPenetrator
25.4%
IRotweiller
19.8%

You're not logged in!

Compare scores with friends on all Sporcle quizzes.
OR
Log In

You Might Also Like...

Show Comments

Extras

Top Quizzes Today


Score Distribution

Your Account Isn't Verified!

In order to create a playlist on Sporcle, you need to verify the email address you used during registration. Go to your Sporcle Settings to finish the process.

Report this User

Report this user for behavior that violates our Community Guidelines.

Details: